Un sistema integrado de medición de gestión SIMEG : la estrategia unida a la acción : (Registro nro. 6123)
[ vista simple ]
| 000 -LEADER | |
|---|---|
| fixed length control field | 01325nam a2200277Ia 4500 |
| 003 - CONTROL NUMBER IDENTIFIER | |
| control field | OSt |
| 005 - DATE AND TIME OF LATEST TRANSACTION | |
| control field | 20201117142746.0 |
| 008 - FIXED-LENGTH DATA ELEMENTS--GENERAL INFORMATION | |
| fixed length control field | 191128s1998 ck a gr 000 0 spa d |
| 020 ## - INTERNATIONAL STANDARD BOOK NUMBER | |
| International Standard Book Number | 1217062 |
| 040 0# - CATALOGING SOURCE | |
| Original cataloging agency | CO-JMCR |
| Transcribing agency | CO-JMCR |
| 041 0# - LANGUAGE CODE | |
| Language code of text/sound track or separate title | spa |
| 082 04 - DEWEY DECIMAL CLASSIFICATION NUMBER | |
| Classification number | 658.4032 / |
| Item number | S275s |
| Edition number | 23 |
| 100 1# - MAIN ENTRY--PERSONAL NAME | |
| Personal name | Serna G., Humberto, |
| Relator term | autor |
| 9 (RLIN) | 12343 |
| 245 10 - TITLE STATEMENT | |
| Title | Un sistema integrado de medición de gestión SIMEG : la estrategia unida a la acción : |
| Remainder of title | un caso estratégic. El Banco Unión de Venezuela / |
| Statement of responsibility, etc. | Humberto Serna G. |
| 260 ## - PUBLICATION, DISTRIBUTION, ETC. | |
| Place of publication, distribution, etc. | Bogotá : |
| Name of publisher, distributor, etc. | Universidad de los Andes, |
| Date of publication, distribution, etc. | 1998 |
| 300 ## - PHYSICAL DESCRIPTION | |
| Extent | 104 páginas : |
| Other physical details | diagramas a blanco y negro ; |
| Dimensions | 23 cm. |
| 490 0# - SERIES STATEMENT | |
| Series statement | Monografías de administración. Serie casos ; |
| Volume/sequential designation | 50 |
| 500 ## - GENERAL NOTE | |
| General note | Datos biográficos del autor en solapa posterior y notas a pie de páginas. |
| 504 ## - BIBLIOGRAPHY, ETC. NOTE | |
| Bibliography, etc. note | Bibliografía: páginas 50-51 |
| 505 0# - FORMATTED CONTENTS NOTE | |
| Formatted contents note | Algunos hechos importantes en la historia del Banco Unión -- Estructura del Banco Unión -- La red del banco -- Los productos del banco -- La competencia del banco -- Plan estratégico del Banco Unión 90/99 -- Un sistema integrado de medición de gestión |
| 650 24 - SUBJECT ADDED ENTRY--TOPICAL TERM | |
| Topical term or geographic name entry element | Banco Unión de Venezuela |
| 9 (RLIN) | 12344 |
| 650 24 - SUBJECT ADDED ENTRY--TOPICAL TERM | |
| Topical term or geographic name entry element | Planificación estratégica |
| 9 (RLIN) | 262 |
| 650 24 - SUBJECT ADDED ENTRY--TOPICAL TERM | |
| Topical term or geographic name entry element | Gestión financiera |
| 9 (RLIN) | 9668 |
| 650 24 - SUBJECT ADDED ENTRY--TOPICAL TERM | |
| Topical term or geographic name entry element | Planificación financiera |
| 9 (RLIN) | 7989 |
| 942 ## - ADDED ENTRY ELEMENTS (KOHA) | |
| Source of classification or shelving scheme | Dewey Decimal Classification |
| Koha item type | Books |
| Withdrawn status | Lost status | Source of classification or shelving scheme | Materials specified (bound volume or other part) | Damaged status | Not for loan | Home library | Current library | Shelving location | Date acquired | Source of acquisition | Coded location qualifier | Total Checkouts | Full call number | Barcode | Date last seen | Date last checked out | Copy number | Price effective from | Koha item type |
|---|---|---|---|---|---|---|---|---|---|---|---|---|---|---|---|---|---|---|---|
| Dewey Decimal Classification | Donación--15/04/2018-- | Biblioteca Pública José María del Castillo y Rada | Biblioteca Pública José María del Castillo y Rada | General Stacks | 11/28/2019 | Donación | $0. | 1 | 658.4032 / S275s | 430012059 | 09/19/2024 | 09/18/2024 | Ej.1 | 11/28/2019 | Books |